Welcome to the Holygrace Academy Library

Please use search bar below to get started

THE HISTORY OF SCIENCE (Record no. 1436)

MARC details
000 -LEADER
fixed length control field 00594nam a22001697a 4500
020 ## - INTERNATIONAL STANDARD BOOK NUMBER
ISBN 81-7371-195-X
082 ## - DEWEY DECIMAL CLASSIFICATION NUMBER
Classification number 900
Item number SPA/H
100 ## - MAIN ENTRY--AUTHOR NAME
Personal name SPANGENBURG, RAY
100 ## - MAIN ENTRY--AUTHOR NAME
Personal name MOSER, DIANE K
245 ## - TITLE STATEMENT
Title THE HISTORY OF SCIENCE
Remainder of title IN THE NINETEENTH CENTURY
250 ## - EDITION STATEMENT
Edition statement REPRINTED
260 ## - PUBLICATION, DISTRIBUTION, ETC. (IMPRINT)
Place of publication HYDERABAD
Name of publisher UNIVERSITIES PRESS
Year of publication 2000
300 ## - PHYSICAL DESCRIPTION
Number of Pages 142
520 ## - SUMMARY, ETC.
Summary, etc SHOWS THE VITALITY OF 19TH CENTURY SCIENTIC THOUGHT ABOUT ELECTRICITY AND MAGNETISM, GENETICS AND EVOLUTION, AGE OF THE EARTH, STARS AND PLANETS, NATURE OF INFECTION AND DISEASES
650 ## - SUBJECT ADDED ENTRY--TOPICAL TERM
Topical Term SCIENECE REFERENCE
Geographic subdivision INDIA
942 ## - ADDED ENTRY ELEMENTS (KOHA)
Koha item type Books
Holdings
Withdrawn status Lost status Collection code Home library Current library Shelving location Date acquired Source of acquisition Cost, normal purchase price Full call number Accession Number Koha item type
    Reference Main Library Main Library SHELF-5 E REFERENCE BIOLOGY 10/10/2006 purchase 195.00 900 SPA/H 02800 Books